000 00792nam a2200217Ia 4500
001 14661
003 GE_BSU
008 181216s||||||||xx |||||||||||||| ||und||
040 _cGE_BSU
080 _a821.353.1-32
100 _aკლდიაშვილი,დავით
245 _aთხზულებათა სრული კრებული. მოთხრობები. ტ.1
245 _cრედ. ს. კლდიაშვილი. წინას. გ. ნატროშვილი
260 _aტფილისი
260 _bფედერაცია
260 _c1933
300 _a378გვ.20სმ.
653 _aთხზულებათა სრული კრებული.
653 _aმოთხრობები
942 _cBK
999 _c47787
_d47787